Statystyki dla Polscy Multimedaliści Letnich Igrzysk Olimpijskich

Kliknij tutaj aby rozwiązać quiz!

Ogólne statystyki

  • Ten quiz został rozwiązany 258 razy
  • Średni wynik to 6 z 19

Statystyki odpowiedzi

Lp.DyscyplinaZłotoSrebroBrązMedalista% Poprawnych
5.lekkoatletyka200Anita Włodarczyk
83%
2.lekkoatletyka322Irena Szewińska
79%
1.lekkoatletyka400Robert Korzeniowski
77%
7.pływanie120Otylia Jędrzejczak
74%
5.lekkoatletyka200Tomasz Majewski
63%
4.strzelectwo201Renata Mauer-Różańska
42%
5.boks200Jerzy Kulej
37%
5.wioślarstwo200Robert Sycz
23%
5.wioślarstwo200Tomasz Kucharski
22%
5.zapasy200Andrzej Wroński
21%
5.podnoszenie ciężarów200Waldemar Baszanowski
21%
5.judo200Waldemar Legień
17%
3.szermierka211Witold Woyda
17%
5.pięciobój nowoczesny200Arkadiusz Skrzypaszek
16%
6.szermierka131Jerzy Pawłowski
15%
5.strzelectwo200Józef Zapędzki
12%
5.lekkoatletyka200Józef Szmidt
10%
8.szermierka111Egon Franke
5%
8.lekkoatletyka111Teresa Ciepły
4%

Rozkład punktacji

Percentyl według liczby udzielonych odpowiedzi

Procent ludzi z każdym wynikiem

Twoja historia wyników

Nie rozwiązałeś tego quizu